Statistiques concernant Principaux chefs d'états

Cliquez ici pour prendre le quiz!

Statistiques générales

  • Ce quiz a été pris 30 fois
  • Le résultat moyen est 9 sur 15

Statistiques - réponses

HintRéponse% Correct
Président FranceMacron
96%
Président USATrump
96%
Chancelière AllemagneMerkel
92%
Président BrésilBolsonaro
88%
Président TurquieErdogan
84%
Premier ministre Royaume-UniJohnson
72%
Premier ministre FrancePhilippe
72%
Roi BelgiquePhilippe
72%
Roi AngleterreElisabeth II
52%
Roi EspagneFelipe VI
52%
Président ChineJinping
52%
Président EspagneSanchez
48%
Chef supreme Corée NordJong-un
40%
Premier ministre IsraelNetanyaou
20%
Premier ministre BelgiqueWilmès
12%

Distribution des résultats

Percentile par nombre de réponses

% des personnes avec chaque résultat

Votre développement - résultats

Vous n’avez pas pris ce quiz